| 000 | 00637cam a2200145 4500500 | ||
|---|---|---|---|
| 005 | 20251228092830.0 | ||
| 041 | _afre | ||
| 042 | _adc | ||
| 100 | 1 | 0 |
_aLecouteux, Claude _eauthor |
| 245 | 0 | 0 | _aEILHART VON OBERG, Tristan et Isald, éd. et trad. Danielle BUSCHINGER, Paris, Champion, 2007 ; 1 vol. in-8o, 243 p. (Traductions des classiques du Moyen Âge, 80). ISBN : 978- 2-7453-1597-7. Prix : € 25,00. |
| 260 | _c2011. | ||
| 500 | _a48 | ||
| 786 | 0 | _nLe Moyen Age | CXVII | 1 | 2011-12-10 | p. 117zz-187zz | 0027-2841 | |
| 856 | 4 | 1 | _uhttps://shs.cairn.info/revue-le-moyen-age-2011-1-page-117zz?lang=fr&redirect-ssocas=7080 |
| 999 |
_c1603653 _d1603653 |
||